000 00336nam a2200145Ia 4500
008 230917s9999||||xx |||||||||||||| ||und||
040 _e55939
_aMAIN
041 _aEnglish
082 _a829.443 T129M:T
100 _aMaitrye Devi
245 0 _aTagore by freside
260 _aCalcutta
_bRupa
_c1967
300 _a230 p.
942 _cBK
999 _c213241
_d213241